000 00433nam a2200181Ia 4500
005 20250508155407.0
008 008 250505s9999 xx 000 0 eng d
037 _aPeriodicals
040 _aFEDL
_beng
_cFEDL
041 _aeng
_2eng
084 _qFEDL
245 0 _aEducation quarterly
245 0 _cIndia,. Education (Ministry Of...)
260 _c1968
300 _aiv,66p.
942 _cCR
999 _c1356436
_d1356436